[Event "RUS-ch Seniors"]
[Site "Odintsovo"]
[Date "2011.04.19"]
[Round "1"]
[White "Koshil, Tikhon Stepanovich"]
[Black "Apsatarov, Ivan"]
[Result "1-0"]
[WhiteElo "2045"]
[BlackElo "1967"]
[PlyCount "83"]
[EventDate "2011.04.19"]
[EventType "swiss"]
[EventRounds "9"]
[EventCountry "RUS"]
[SourceTitle "CBM 142 Extra"]
[Source "ChessBase"]
[SourceDate "2011.06.27"]
[SourceVersion "1"]
[SourceVersionDate "2011.06.27"]
[SourceQuality "1"]

1. d4 Nf6 2. c4 g6 3. Nc3 Bg7 4. e4 d6 5. Be2 0-0 6. Bg5 h6 7. Be3 Nbd7 8. Qd2 Kh7 9. 0-0-0 e5 10. dxe5 dxe5 11. g4 c6 12. h4 Ng8 13. h5 g5 14. Bf3 Qe7 15. Nge2 Nb6 16. b3 Be6 17. Qd6 Rfd8 18. Qxe7 Nxe7 19. Ng3 Ng8 20. Be2 Nf6 21. f3 Rd7 22. c5 Nc8 23. Nf5 Bf8 24. Kb2 b6 25. Na4 b5 26. Nc3 a5 27. a3 Ne7 28. Rxd7 Nxd7 29. b4 Ng8 30. Ra1 Ngf6 31. Nd6 Ne8 32. Nxf7 Kg7 33. Nd6 Nc7 34. Nb7 a4 35. Nd6 Ne8 36. Rd1 Nxd6 37. cxd6 Rc8 38. Bc5 Kf7 39. Bd3 Rb8 40. Rd2 Ke8 41. Nd1 Nb6 42. Ne3 1-0

[Event "PriFR-ch Seniors"]
[Site "Izhevsk"]
[Date "2010.03.21"]
[Round "9"]
[White "Nekrasov, Evgeny G"]
[Black "Apsatarov, Ivan"]
[Result "1-0"]
[WhiteElo "2091"]
[BlackElo "1982"]
[PlyCount "135"]
[EventDate "2010.03.13"]
[EventType "swiss"]
[EventRounds "9"]
[EventCountry "RUS"]
[SourceTitle "EXT 2012"]
[Source "ChessBase"]
[SourceDate "2011.11.24"]
[SourceVersion "1"]
[SourceVersionDate "2011.11.24"]
[SourceQuality "1"]

1. Nf3 Nf6 2. c4 g6 3. Nc3 Bg7 4. e4 d6 5. d4 0-0 6. g3 Nc6 7. d5 Nb8 8. Bg2 Nbd7 9. 0-0 Nc5 10. Nd4 e5 11. Nc2 Ne8 12. b4 Nd7 13. Bd2 f5 14. Qc1 f4 15. Ne1 g5 16. a4 a5 17. Nd1 axb4 18. Bxb4 b6 19. Nc3 Nc5 20. Qc2 Nf6 21. Bxc5 bxc5 22. h3 g4 23. hxg4 Nxg4 24. Qd3 Bd7 25. Nf3 Bh6 26. Nb5 Bxb5 27. cxb5 Bg5 28. Bh3 h5 29. Nh2 Nxh2 30. Be6+ Kg7 31. Kxh2 h4 32. gxh4 Rh8 33. Rg1 Rxh4+ 34. Kg2 Qf6 35. Bf5 Kf7 36. a5 Qg7 37. Kf1 Qh6 38. a6 Rh2 39. Qf3 Bh4 40. Ra2 c4 41. Qg4 f3 42. Be6+ Ke7 43. Qg7+ Qxg7 44. Rxg7+ Kf6 45. Rf7+ Kg5 46. Rxf3 Rh1+ 47. Ke2 Rb1 48. Bd7 Ra7 49. Rf5+ Kg6 50. Rc2 Rb4 51. Kf3 Bg5 52. Kg4 Bf4 53. f3 Rb1 54. Rg2 Rh1 55. Be8+ Kg7 56. Rf7+ Kh6 57. Kf5 Rh5+ 58. Ke6 Rg5 59. Rf6+ Kh7 60. Rc2 Rg3 61. Rxc4 Rxf3 62. Rf7+ Kh6 63. Rcxc7 Rxc7 64. Rxc7 Be3 65. a7 Bxa7 66. Rxa7 Rb3 67. Kxd6 Kg5 68. Kxe5 1-0

[Event "PriFR-ch Seniors"]
[Site "Izhevsk"]
[Date "2010.03.20"]
[Round "8"]
[White "Apsatarov, Ivan"]
[Black "Balakhontsev, Evgeny"]
[Result "1-0"]
[WhiteElo "1982"]
[BlackElo "1937"]
[PlyCount "120"]
[EventDate "2010.03.13"]
[EventType "swiss"]
[EventRounds "9"]
[EventCountry "RUS"]
[SourceTitle "EXT 2012"]
[Source "ChessBase"]
[SourceDate "2011.11.24"]
[SourceVersion "1"]
[SourceVersionDate "2011.11.24"]
[SourceQuality "1"]

1. d4 Nf6 2. c4 e6 3. Nf3 b6 4. g3 Bb7 5. Bg2 Be7 6. 0-0 0-0 7. Nc3 Ne4 8. Qc2 Nxc3 9. Qxc3 Bf6 10. Qc2 Nc6 11. Rd1 Rc8 12. a3 Ne7 13. e4 g6 14. Bh6 Bg7 15. Bxg7 Kxg7 16. d5 d6 17. Bh3 Rb8 18. dxe6 fxe6 19. Nd4 Bc8 20. Bxe6 Rf6 21. Bxc8 Qxc8 22. f4 Qg4 23. Rf1 Rbf8 24. Qe2 Qh3 25. Qg2 Qd7 26. b3 c5 27. Nb5 a6 28. Nc3 Qa7 29. a4 Nc6 30. Ne2 Nb4 31. Kh1 Nc2 32. Nc3 Nxa1 33. Rxa1 Qb7 34. Nd5 Re6 35. h4 b5 36. axb5 axb5 37. cxb5 Ra8 38. Qb2+ Kf7 39. Rxa8 Qxa8 40. Kh2 Qb7 41. b6 Rxe4 42. Qf6+ Kg8 43. Qd8+ Kf7 44. Qc7+ Qxc7 45. bxc7 Re8 46. Nb6 d5 47. c8Q Rxc8 48. Nxc8 Ke6 49. Kg2 Kd7 50. Nb6+ Kc6 51. Na4 d4 52. Kf3 Kb5 53. Ke4 Kb4 54. Kd3 h5 55. Kc2 Kb5 56. Nb2 Kc6 57. Kd3 Kd5 58. Na4 Ke6 59. Nxc5+ Kf5 60. Kxd4 Kg4 1-0

[Event "PriFR-ch Seniors"]
[Site "Izhevsk"]
[Date "2010.03.19"]
[Round "7"]
[White "Petrov, Vladimir A"]
[Black "Apsatarov, Ivan"]
[Result "1-0"]
[WhiteElo "2008"]
[BlackElo "1982"]
[PlyCount "69"]
[EventDate "2010.03.13"]
[EventType "swiss"]
[EventRounds "9"]
[EventCountry "RUS"]
[SourceTitle "EXT 2012"]
[Source "ChessBase"]
[SourceDate "2011.11.24"]
[SourceVersion "1"]
[SourceVersionDate "2011.11.24"]
[SourceQuality "1"]

1. c4 Nf6 2. g3 c5 3. Bg2 Nc6 4. Nc3 b6 5. e3 Bb7 6. Nge2 Qc8 7. d3 e6 8. 0-0 Be7 9. b3 0-0 10. Bb2 Rd8 11. Nf4 d6 12. Qe2 Ne5 13. e4 Nc6 14. Bh3 Nd4 15. Qd1 a6 16. Ncd5 Bxd5 17. exd5 Qb7 18. Bxd4 e5 19. Ne6 Re8 20. Bc3 fxe6 21. Bxe6+ Kh8 22. f4 exf4 23. Rxf4 b5 24. Qf3 Rf8 25. Rf1 b4 26. Bb2 Rad8 27. g4 Qb8 28. g5 Ng8 29. Rf7 Bf6 30. gxf6 Rxf7 31. Bxf7 g6 32. Be6 h6 33. f7+ Kh7 34. fxg8Q+ Rxg8 35. Qf7+ 1-0

[Event "Perm op-A 03"]
[Site "Perm"]
[Date "2009.03.13"]
[Round "3"]
[White "Apsatarov, Ivan"]
[Black "Kohanov, Boris"]
[Result "1-0"]
[WhiteElo "1965"]
[BlackElo "1878"]
[PlyCount "89"]
[EventDate "2009.03.11"]
[EventType "swiss"]
[EventRounds "9"]
[EventCountry "RUS"]
[SourceTitle "EXT 2022"]
[Source "ChessBase"]
[SourceDate "2021.10.06"]
[SourceVersion "1"]
[SourceVersionDate "2021.10.06"]
[SourceQuality "1"]

1. d4 d5 2. c4 e6 3. Nf3 Nf6 4. Bg5 Be7 5. Nc3 c6 6. e3 0-0 7. Rc1 dxc4 8. Bxc4 Nd5 9. Bxe7 Qxe7 10. 0-0 Nd7 11. e4 N5f6 12. e5 Ne8 13. Qe2 Nb6 14. Bd3 Nd5 15. g3 f5 16. exf6 gxf6 17. Rfe1 Nec7 18. Nh4 Qg7 19. Ng2 Bd7 20. Ne4 Rae8 21. Nc5 Bc8 22. Bc4 Kh8 23. a3 e5 24. Qh5 b6 25. Nb3 Bb7 26. Bd3 c5 27. dxc5 Ne6 28. c6 Bc8 29. Bf1 Nef4 30. Nxf4 Nxf4 31. Qf3 Rg8 32. Nd2 Be6 33. Bc4 Nh3+ 34. Kh1 Bg4 35. Qg2 Rgf8 36. f3 Bc8 37. Ne4 Ng5 38. Nxg5 Qxg5 39. Rcd1 Qg7 40. b4 Qc7 41. b5 f5 42. Qb2 f4 43. g4 Re7 44. Rd5 Rfe8 45. Rd2 1-0

[Event "Nezhmetdinov Memorial 30th"]
[Site "Kazan"]
[Date "2008.06.01"]
[Round "1"]
[White "Skomorokhin, Roman"]
[Black "Apsatarov, Ivan"]
[Result "1-0"]
[WhiteElo "2378"]
[BlackElo "1984"]
[PlyCount "66"]
[EventDate "2008.06.01"]
[EventType "swiss"]
[EventRounds "9"]
[EventCountry "RUS"]
[SourceTitle "EXT 2009"]
[Source "ChessBase"]
[SourceDate "2008.11.26"]
[SourceVersion "1"]
[SourceVersionDate "2008.11.26"]
[SourceQuality "1"]

1. d4 Nf6 2. c4 g6 3. Nf3 Bg7 4. g3 0-0 5. Bg2 d6 6. 0-0 Nbd7 7. Qc2 e5 8. Rd1 Re8 9. e4 b6 10. dxe5 dxe5 11. Nc3 Bb7 12. Bg5 Qb8 13. Nd5 h6 14. Bd2 Kh7 15. b4 c5 16. Rab1 Bf8 17. a3 Nxd5 18. cxd5 Qd8 19. Bc3 cxb4 20. axb4 Rc8 21. Qb2 Bd6 22. Bh3 f6 23. Nh4 Rc4 24. Re1 Qe7 25. Bd2 Rec8 26. Qa3 a6 27. Qe3 g5 28. Bf5+ Kg8 29. Be6+ Kh7 30. Nf5 Qf8 31. Bxd7 R8c7 32. Nxd6 Qxd6 33. Bf5+ Kg7 1-0

[Event "PriFR-ch Seniors 6th"]
[Site "Samara"]
[Date "2008.03.11"]
[Round "1"]
[White "Vasjukov, Alexander"]
[Black "Apsatarov, Ivan"]
[Result "1-0"]
[WhiteElo "2198"]
[BlackElo "1984"]
[PlyCount "57"]
[EventDate "2008.03.11"]
[EventType "swiss"]
[EventRounds "9"]
[EventCountry "RUS"]
[SourceTitle "EXT 2022"]
[Source "ChessBase"]
[SourceDate "2021.10.06"]
[SourceVersion "1"]
[SourceVersionDate "2021.10.06"]
[SourceQuality "1"]

1. Nf3 d5 2. b3 Nf6 3. Bb2 g6 4. e3 Bg7 5. Ne5 0-0 6. f4 c5 7. d3 Nbd7 8. Be2 h5 9. h3 Nxe5 10. fxe5 Nd7 11. d4 e6 12. 0-0 a6 13. a4 b6 14. Bd3 Bb7 15. Nd2 Bc6 16. Qe2 Qc8 17. c4 a5 18. Rf2 Nb8 19. Raf1 Na6 20. g4 hxg4 21. Qxg4 Qd7 22. h4 Nb4 23. Bb1 dxc4 24. Nxc4 Rab8 25. Nd6 Nd5 26. Rxf7 Rxf7 27. Rxf7 Ne7 28. Bxg6 Rf8 29. Bh7+ 1-0

[Event "PriFR-ch Seniors"]
[Site "Perm"]
[Date "2007.03.06"]
[Round "6"]
[White "Apsatarov, Ivan"]
[Black "Gladkikh, Vladimir"]
[Result "1-0"]
[WhiteElo "1968"]
[BlackElo "2099"]
[PlyCount "61"]
[EventDate "2007.03.01"]
[EventType "swiss"]
[EventRounds "9"]
[EventCountry "RUS"]
[SourceTitle "EXT 2022"]
[Source "ChessBase"]
[SourceDate "2021.10.06"]
[SourceVersion "1"]
[SourceVersionDate "2021.10.06"]
[SourceQuality "1"]

1. d4 Nf6 2. Nf3 d5 3. c4 e6 4. Nc3 Be7 5. Bf4 a6 6. a4 0-0 7. e3 c5 8. cxd5 exd5 9. Bd3 Nc6 10. h3 Re8 11. 0-0 Nb4 12. Bb1 h6 13. Ne5 Nc6 14. Nxc6 bxc6 15. Be5 Nd7 16. Qc2 Nf8 17. a5 Bd6 18. f4 f6 19. Na4 fxe5 20. fxe5 Be7 21. Rxf8+ Kxf8 22. Qh7 Bf6 23. Bg6 Be6 24. exf6 gxf6 25. Rf1 Bg8 26. Qxh6+ Ke7 27. Qg7+ Kd6 28. Bxe8 Qxe8 29. Rxf6+ Be6 30. dxc5+ Ke5 31. Rf4# 1-0